000 00643nam a22001937a 4500
999 _c158187
_d158187
005 20181020114012.0
010 _aENG-124337
020 _a9789352869008
_c749.00
035 _aEN-107869
037 _bDBAD/PUB
082 _a006.686
100 _aWood, Brian
245 _aAdobe illustrator CC classroom in a book:
_cby Brian Wood
_bthe official training workbook from adobe /
260 _aNoida
_bPearson
_c2018
270 _a15th Floor, Tower B, Worls Trade Tower, Plot No.1, Block -C
_bNoida (UP)
_e201301
300 _axiv, 466p.
_c26cm.(pbk)
_bill.
500 _aIt includes index
942 _2ddc
_cEN
_h006.686
_mWOO